000
00326nam a2200133Ia 4500
008
150201s2012 xx 000 0 und d
082
_a
610.72
_b
G12S
100
_a
SHARMA, MEENA
245
_a
GENERAL ENGLISH FOR B.SC NURSING
260
_b
KUMAR PUB.
_a
DELHI
_c
2012
300
_a
310
650
_a
NURSING
942
_2
ddc
_c
BK
_0
39
999
_c
2206
_d
2206